| 000 | 00761nam a2200253Ia 4500 | ||
|---|---|---|---|
| 003 | OSt | ||
| 005 | 20220926011033.0 | ||
| 006 | a|||||r|||| 00| 0 | ||
| 007 | ta | ||
| 008 | 220923b |||||||| |||| 00| 0 eng d | ||
| 020 |
_a0130173924 _c _84.00 |
||
| 037 |
_b9887, 13/09/2001, SBD _cGeneral Book |
||
| 040 |
_aRTL _cRTL _beng |
||
| 041 |
_2eng _aeng |
||
| 082 | _aX9(Y):51, P1/TD | ||
| 100 | _aLOVELOCK Christopher | ||
| 245 | 0 |
_aServices marketing _b People, technology, strategy |
|
| 250 | _a4th | ||
| 260 |
_aNew Jersey _bPrentice Hall _c2001 |
||
| 300 |
_axviii,717p. _ccm. |
||
| 650 | _aService Industry | ||
| 942 |
_hX9(Y):51, P1/TD _cGB _2CC |
||
| 999 |
_c618890 _d618890 |
||